Strategic management of technology and innovation / (Record no. 25652)
[ view plain ]
| 000 -LEADER | |
|---|---|
| fixed length control field | 00871nam a22002415a 4500 |
| 008 - FIXED-LENGTH DATA ELEMENTS--GENERAL INFORMATION | |
| fixed length control field | 171123t2004 xxua|||gr|||| 001 0 eng d |
| 020 ## - INTERNATIONAL STANDARD BOOK NUMBER | |
| International Standard Book Number | 9780071232302 |
| 040 ## - CATALOGING SOURCE | |
| Original cataloging agency | EG-ScBUE |
| Language of cataloging | eng |
| Transcribing agency | EG-ScBUE |
| 082 04 - DEWEY DECIMAL CLASSIFICATION NUMBER | |
| Edition number | 22 |
| Classification number | 658.514 |
| Item number | BUR |
| 100 1# - MAIN ENTRY--PERSONAL NAME | |
| Personal name | Burgelman, Robert A. |
| 245 1# - TITLE STATEMENT | |
| Title | Strategic management of technology and innovation / |
| Statement of responsibility, etc | Robert Burgelman, Clayton Christensen, Steven Wheelwright. |
| 250 ## - EDITION STATEMENT | |
| Edition statement | 4th. ed., International Edition. |
| 260 ## - PUBLICATION, DISTRIBUTION, ETC. (IMPRINT) | |
| Place of publication, distribution, etc | Maidenhead : |
| Name of publisher, distributor, etc | McGraw-Hill Education, |
| Date of publication, distribution, etc | 2004. |
| 300 ## - PHYSICAL DESCRIPTION | |
| Extent | xvi, 1208 p. : |
| Other physical details | ill. ; |
| Dimensions | 26 cm. |
| 590 ## - LOCAL NOTE (RLIN) | |
| Local note | Suzan Ashmwy |
| 650 7# - SUBJECT ADDED ENTRY--TOPICAL TERM | |
| Source of heading or term | BUEsh |
| Topical term or geographic name as entry element | Technological innovations |
| General subdivision | Management. |
| 9 (RLIN) | 33837 |
| 650 7# - SUBJECT ADDED ENTRY--TOPICAL TERM | |
| Source of heading or term | BUEsh |
| Topical term or geographic name as entry element | New products |
| General subdivision | Management. |
| 650 7# - SUBJECT ADDED ENTRY--TOPICAL TERM | |
| Source of heading or term | BUEsh |
| Topical term or geographic name as entry element | High technology industries |
| General subdivision | Management. |
| 9 (RLIN) | 33836 |
| 651 ## - SUBJECT ADDED ENTRY--GEOGRAPHIC NAME | |
| Source of heading or term | BUEsh |
| 700 1# - ADDED ENTRY--PERSONAL NAME | |
| Personal name | Christensen, Clayton M. |
| 700 1# - ADDED ENTRY--PERSONAL NAME | |
| Personal name | Wheelwright, Steven C., |
| 942 ## - ADDED ENTRY ELEMENTS (KOHA) | |
| Source of classification or shelving scheme | Dewey Decimal Classification |
| Withdrawn status | Item status | Source of classification or shelving scheme | Damaged status | Not for loan | Home library | Current library | Shelving location | Date acquired | Source of acquisition | Total Checkouts | Full call number | Barcode | Date last seen | Koha item type |
|---|---|---|---|---|---|---|---|---|---|---|---|---|---|---|
| Dewey Decimal Classification | Central Library | Central Library | First floor | 23/11/2017 | Donation | 658.514 BUR | 000042286 | 15/07/2025 | Book - Borrowing |